| 000 | 00544nam a2200205Ia 4500 | ||
|---|---|---|---|
| 005 | 20250812151647.0 | ||
| 008 | 008 250516s9999 xx 000 0 hin d | ||
| 020 | _a9788195383252 | ||
| 040 |
_beng _cSDCL |
||
| 041 |
_ahin _2hin |
||
| 084 | _aP15,C:3x4,1 R3 | ||
| 100 |
_aMishra, Ved Prakash _9809501 |
||
| 245 | 0 | _aVakyapadiyam | |
| 246 | _aवक्यापदियम | ||
| 260 |
_aDelhi: _bSaraswatam Publication, _c2023. |
||
| 300 | _a244p. | ||
| 650 | _aSanskrit | ||
| 700 |
_aKundankumar, _9809502 |
||
| 942 |
_cTEXL _2CC |
||
| 999 |
_c1429396 _d1429396 |
||